LEADER 01570nam a2200349 u 4500 001 000000004301 003 CaOOAMICUS 005 20070226104633.0 008 940531s1972 gw u000 u ger u 020 $a3110037157 035 $a10113747 040 $aEFR$bita 100 1 $aBienert, Wolfgang A.$0(OLS)http://pul/name/4436 245 10$a"Allegoria" und "Anagoge" bei Didymos dem Blinden von Alexandria /$cvon Wolfang A. Bienert. 260 $aBerlin ;$aNew York :$bW. de Gruyter,$c1972. 300 $axi, 188 p. ;$c24 cm 490 1 $aPatristische Texte und Studien ;$vBd. 13 500 $aIndex: p. 179-188. 502 $aThèse--Université de Bonn. Faculté de théologie, 1966. 504 $aBibliographie: p. 169-178. 600 14$aDidymus Caecus,$dc. 313-c. 398.$0(OLS)http://pul/subject/3680 630 04$aBiblia$xCritica e interpretazione$xStoria$yEvo antico.$0(OLS)http://pul/subject/1631 650 4$aAllegoria.$0(OLS)http://pul/subject/3681 710 2 $aUniversität Bonn.$0(OLS)http://pul/name/922 830 0$aPatristische Texte und Studien ;$vBd. 13.$0(OLS)http://pul/title/1164 850 $aPUL 852 $aPUL$W1$xSL Religione 1$y3$m19 C 13$j6045$nBK-PRI$b $qStampati$B6045$CPULBib$Z2$F6045 $H $81 941 1 $a8 961 $aINV: 87962 996 $6020$a3110037157$9(OLS)http://pul/number/5547 996 $6245$a"Allegoria" und "Anagoge" bei Didymos dem Blinden von Alexandria$9(OLS)http://pul/title/6224 996 $6260$aBerlin ;$aNew York :$bW. de Gruyter$9(OLS)http://pul/publisher/48624 LEADER 01689nam a2200397 u 4500 001 000000029902 003 CaOOAMICUS 005 20070226111952.0 008 970704s1997 it u000 u ita u 020 $a8831110187 035 $a10766499 040 $aMSA$bita$dPUL(R) 041 1 $aita$heng 100 0 $aEthelredus,$cs.,$d1110-1167.$0(OLS)http://pul/name/1982 240 10$aDe spirituali amicitia$9(Ethelredus, s., 1110-1167).$lItaliano.$0(OLS)http://pul/title/41005 245 12$aL'amicizia spirituale /$cAelredo di Rievaulx ; a cura di Giovanni Zuanazzi. 260 $aRoma :$bCittà Nuova,$c1997. 300 $a168 p. ;$c22 cm 490 1 $aFonti cristiane per il terzo millennio ;$v15 500 $aContiene indici. 504 $aBibliografia: p. 52-55. 650 4$aSpiritualità.$0(OLS)http://pul/subject/843 700 1 $aZuanazzi, Giovanni.$0(OLS)http://pul/name/24171 830 0$aFonti cristiane per il terzo millennio ;$v15.$0(OLS)http://pul/title/2493 850 $aPUL 852 $aPUL$W1$xSL Religione 1$y3$m41 F 151$j41347$nBK-PRI$b $qStampati$B41347$CPULBib$Z2$F41347 $H $81 900 $aElredo,$cde Rieval, s.,$d1110-1167$91982 900 $aAelred de Rievaux,$cs.,$d1110-1167$91982 900 $aAelred, $bdi Rievaulx,$cs.,$d1110-1167$91982 900 $aAelredus Rievallensis,$cs.,$d1110-1167?$91982 900 $aRievaulx, Aelred de,? $cs.,$d1110-1167$91982 941 1 $a8 961 $aINV: 77161 996 $6020$a8831110187$9(OLS)http://pul/number/37552 996 $6245$aL'amicizia spirituale$9(OLS)http://pul/title/41006 996 $6260$aRoma :$bCittà Nuova$9(OLS)http://pul/publisher/47927